Instagram accounts with the most followers - Statistics

General Stats
  • This quiz has been taken 125 times
    25 since last reset
  • The average score is 10 of 20
Answer Stats
Followers (millions) Person/company % Correct
670 Cristiano Ronaldo
86%
511 Lionel Messi
86%
353 Kim Kardashian
81%
280 Taylor Swift
81%
292 Justin Bieber
76%
284 Kendall Jenner
71%
391 Kylie Jenner
71%
415 Selena Gomez
57%
308 Beyoncé
52%
372 Ariana Grande
48%
299 Khloé Kardashian
48%
215 Kourtney Kardashian
48%
233 Neymar
38%
390 Dwayne Johnson
29%
201 Katy Perry
29%
210 Miley Cyrus
24%
298 Nike
14%
275 National Geographic
10%
274 Virat Kohli
10%
246 Jennifer Lopez
5%
No matching quizzes found
Score Distribution
Percent of People with Each Score
Percentile by Number Answered
Your Score History
You have not taken this quiz since the last reset